<?xml version="1.0" encoding="UTF-8"?>
<record
    xmlns:xsi="http://www.w3.org/2001/XMLSchema-instance"
    xsi:schemaLocation="http://www.loc.gov/MARC21/slim http://www.loc.gov/standards/marcxml/schema/MARC21slim.xsd"
    xmlns="http://www.loc.gov/MARC21/slim">

  <leader>00558nam a22001337a 4500</leader>
  <datafield tag="040" ind1=" " ind2=" ">
    <subfield code="c">RUA</subfield>
  </datafield>
  <datafield tag="082" ind1=" " ind2=" ">
    <subfield code="a">AGR CHE B535 2015 Or.</subfield>
  </datafield>
  <datafield tag="100" ind1=" " ind2=" ">
    <subfield code="a">CHEAK SIM; &#x1787;&#x17B6;&#x1780;&#x17CB; &#x179F;&#x17CA;&#x17B8;&#x1798;</subfield>
  </datafield>
  <datafield tag="245" ind1=" " ind2=" ">
    <subfield code="a">Cassava product of household in prek prasab district, kratie province; &#x1795;&#x179B;&#x17B7;&#x178F;&#x1780;&#x1798;&#x17D2;&#x1798;&#x178A;&#x17C6;&#x17A1;&#x17BC;&#x1784;&#x1798;&#x17B8;&#x1787;&#x17B6;&#x179B;&#x1780;&#x17D2;&#x1781;&#x178E;&#x17C8;&#x1782;&#x17D2;&#x179A;&#x17BD;&#x179F;&#x17B6;&#x179A; &#x1793;&#x17C5;&#x179F;&#x17D2;&#x179A;&#x17BB;&#x1780; &#x1796;&#x17D2;&#x179A;&#x17C2;&#x1780;&#x1794;&#x17D2;&#x179A;&#x179F;&#x1796;&#x17D2;&#x179C; &#x1781;&#x17C1;&#x178F;&#x17D2;&#x178F;&#x1780;&#x17D2;&#x179A;&#x1785;&#x17C1;&#x17C7;</subfield>
  </datafield>
  <datafield tag="260" ind1=" " ind2=" ">
    <subfield code="a">RUA</subfield>
    <subfield code="b">Phnom Penh</subfield>
    <subfield code="c">2015</subfield>
  </datafield>
  <datafield tag="300" ind1=" " ind2=" ">
    <subfield code="a">36p; xi</subfield>
    <subfield code="b">ill.</subfield>
    <subfield code="c">29cm.</subfield>
  </datafield>
  <datafield tag="856" ind1=" " ind2=" ">
    <subfield code="u">CHEAK SIM</subfield>
  </datafield>
  <datafield tag="942" ind1=" " ind2=" ">
    <subfield code="c">AGR</subfield>
  </datafield>
  <datafield tag="999" ind1=" " ind2=" ">
    <subfield code="c">10983</subfield>
    <subfield code="d">10983</subfield>
  </datafield>
  <datafield tag="952" ind1=" " ind2=" ">
    <subfield code="0">0</subfield>
    <subfield code="1">0</subfield>
    <subfield code="2">ddc</subfield>
    <subfield code="4">0</subfield>
    <subfield code="6">AGR_CHE_B535_2015_000000000000000_OR_1</subfield>
    <subfield code="7">0</subfield>
    <subfield code="9">58002</subfield>
    <subfield code="a">LBB</subfield>
    <subfield code="b">LBB</subfield>
    <subfield code="c">B535</subfield>
    <subfield code="d">2016-11-28</subfield>
    <subfield code="l">1</subfield>
    <subfield code="o">AGR CHE B535 2015 Or.1</subfield>
    <subfield code="p">A03499</subfield>
    <subfield code="r">2024-06-21</subfield>
    <subfield code="s">2024-06-04</subfield>
    <subfield code="w">2016-11-28</subfield>
    <subfield code="y">AGR</subfield>
  </datafield>
  <datafield tag="952" ind1=" " ind2=" ">
    <subfield code="0">0</subfield>
    <subfield code="1">0</subfield>
    <subfield code="2">ddc</subfield>
    <subfield code="4">0</subfield>
    <subfield code="6">AGR_CHE_B535_2015_000000000000000_OR_2</subfield>
    <subfield code="7">0</subfield>
    <subfield code="9">58003</subfield>
    <subfield code="a">LBB</subfield>
    <subfield code="b">LBB</subfield>
    <subfield code="c">B535</subfield>
    <subfield code="d">2016-11-28</subfield>
    <subfield code="l">1</subfield>
    <subfield code="o">AGR CHE B535 2015 Or.2</subfield>
    <subfield code="p">A04248</subfield>
    <subfield code="r">2025-05-09</subfield>
    <subfield code="s">2025-02-05</subfield>
    <subfield code="w">2016-11-28</subfield>
    <subfield code="y">AGR</subfield>
  </datafield>
  <datafield tag="952" ind1=" " ind2=" ">
    <subfield code="0">0</subfield>
    <subfield code="1">0</subfield>
    <subfield code="2">ddc</subfield>
    <subfield code="4">0</subfield>
    <subfield code="6">AGR_CHE_B535_2015_000000000000000_OR_3</subfield>
    <subfield code="7">0</subfield>
    <subfield code="9">58004</subfield>
    <subfield code="a">LBB</subfield>
    <subfield code="b">LBB</subfield>
    <subfield code="c">B535</subfield>
    <subfield code="d">2016-11-28</subfield>
    <subfield code="o">AGR CHE B535 2015 Or.3</subfield>
    <subfield code="p">A03561</subfield>
    <subfield code="r">2016-11-28</subfield>
    <subfield code="w">2016-11-28</subfield>
    <subfield code="y">AGR</subfield>
  </datafield>
  <datafield tag="952" ind1=" " ind2=" ">
    <subfield code="0">0</subfield>
    <subfield code="1">0</subfield>
    <subfield code="2">ddc</subfield>
    <subfield code="4">0</subfield>
    <subfield code="6">AGR_CHE_B535_2015_000000000000000_OR_4</subfield>
    <subfield code="7">0</subfield>
    <subfield code="9">58005</subfield>
    <subfield code="a">LBB</subfield>
    <subfield code="b">LBB</subfield>
    <subfield code="c">B535</subfield>
    <subfield code="d">2016-11-28</subfield>
    <subfield code="o">AGR CHE B535 2015 Or.4</subfield>
    <subfield code="p">A03604</subfield>
    <subfield code="r">2016-11-28</subfield>
    <subfield code="w">2016-11-28</subfield>
    <subfield code="y">AGR</subfield>
  </datafield>
  <datafield tag="952" ind1=" " ind2=" ">
    <subfield code="0">0</subfield>
    <subfield code="1">0</subfield>
    <subfield code="2">ddc</subfield>
    <subfield code="4">0</subfield>
    <subfield code="6">AGR_CHE_B535_2015_000000000000000_OR_5</subfield>
    <subfield code="7">0</subfield>
    <subfield code="9">58006</subfield>
    <subfield code="a">LBB</subfield>
    <subfield code="b">LBB</subfield>
    <subfield code="c">B535</subfield>
    <subfield code="d">2016-11-28</subfield>
    <subfield code="o">AGR CHE B535 2015 Or.5</subfield>
    <subfield code="p">A03160</subfield>
    <subfield code="r">2016-11-28</subfield>
    <subfield code="w">2016-11-28</subfield>
    <subfield code="y">AGR</subfield>
  </datafield>
  <datafield tag="952" ind1=" " ind2=" ">
    <subfield code="0">0</subfield>
    <subfield code="1">0</subfield>
    <subfield code="2">ddc</subfield>
    <subfield code="4">0</subfield>
    <subfield code="6">AGR_CHE_B535_2015_000000000000000_OR_6</subfield>
    <subfield code="7">0</subfield>
    <subfield code="9">58007</subfield>
    <subfield code="a">LBB</subfield>
    <subfield code="b">LBB</subfield>
    <subfield code="c">B535</subfield>
    <subfield code="d">2016-11-28</subfield>
    <subfield code="l">1</subfield>
    <subfield code="o">AGR CHE B535 2015 Or.6</subfield>
    <subfield code="p">A03356</subfield>
    <subfield code="r">2025-02-21</subfield>
    <subfield code="s">2025-01-20</subfield>
    <subfield code="w">2016-11-28</subfield>
    <subfield code="y">AGR</subfield>
  </datafield>
  <datafield tag="952" ind1=" " ind2=" ">
    <subfield code="0">0</subfield>
    <subfield code="1">0</subfield>
    <subfield code="2">ddc</subfield>
    <subfield code="4">0</subfield>
    <subfield code="6">AGR_CHE_B535_2015_000000000000000_OR_7</subfield>
    <subfield code="7">0</subfield>
    <subfield code="9">58008</subfield>
    <subfield code="a">LBB</subfield>
    <subfield code="b">LBB</subfield>
    <subfield code="c">B535</subfield>
    <subfield code="d">2016-11-28</subfield>
    <subfield code="l">1</subfield>
    <subfield code="o">AGR CHE B535 2015 Or.7</subfield>
    <subfield code="p">A03573</subfield>
    <subfield code="r">2024-01-03</subfield>
    <subfield code="s">2023-12-07</subfield>
    <subfield code="w">2016-11-28</subfield>
    <subfield code="y">AGR</subfield>
  </datafield>
  <datafield tag="952" ind1=" " ind2=" ">
    <subfield code="0">0</subfield>
    <subfield code="1">0</subfield>
    <subfield code="2">ddc</subfield>
    <subfield code="4">0</subfield>
    <subfield code="6">AGR_CHE_B535_2015_000000000000000_OR_8</subfield>
    <subfield code="7">0</subfield>
    <subfield code="9">58017</subfield>
    <subfield code="a">LBB</subfield>
    <subfield code="b">LBB</subfield>
    <subfield code="c">B535</subfield>
    <subfield code="d">2016-11-28</subfield>
    <subfield code="o">AGR CHE B535 2015 Or.8</subfield>
    <subfield code="p">A03829</subfield>
    <subfield code="r">2016-11-28</subfield>
    <subfield code="w">2016-11-28</subfield>
    <subfield code="y">AGR</subfield>
  </datafield>
</record>
